000 00997nam a22002297a 4500
003 UA-OsUOA
001 45387
007 ta
008 20070417b un ||||| |||| 00| 0 ukr d
090 _a330.33.012(477)
_bП35
942 _cBK
040 _aUA-OsUOA
_bukr
_cUA-OsUOA
_dUA-OsUOA
245 _aПитання організації діалогу бізнесу і державної влади в сучасних умовах
_bМатеріали розширенного засідання Ради підприємців України при Кабінеті Міністрів України, Київ, 23 жовтня 2006 р./ Українсбкий незалежний центр політичних досліджень
_cЗа ред. Максима Лациби
300 _a64 с.
955 _a1
041 _aukr
080 _a330.33.012(477)
020 _a966-8136-51-9
260 _aК.
_c2006
650 7 _a330 Економіка взагалі
_2UDC
999 _c331490
_d331490